A continuation of true intelligence from the English and Scottish forces in the north : for the service of King and Parliament and now beleaguring York ... /

Bibliographic Details
New Title:Ashe, Simeon, d. 1662. Continuation of true intelligence from the armies in the north
Previous Title:Ashe, Simeon, d. 1662. Particular relation of the most remarkable occurences from the united forces in the north
Main Author: Ashe, Simeon, -1662
Other Authors: Goode, William, 1599 or 1600-
Format: Microform Journal
Language:English
Series:Early English books, 1641-1700 ; 237:E.51, no. 19, etc.
Subjects:

MARC

Tag First Indicator Second Indicator Subfields
LEADER 00000cas a2200000 a 4500
001 in00000961913
005 20150926142116.0
007 hd afv|||baca
008 850911d16441644miuuu p a 0 uua0eng d
010 |a sf 87090219  
035 |a (OCoLC)12538280 
035 |9 AEU5347AM 
037 |a CL0037000007  |b UMI 
037 |b University Microfilms International, 300 N. Zeeb Rd., Ann Arbor, MI 48106. 
040 |a EAA  |c EAA  |d DLC  |d m/c  |d UtOrBLW 
042 |a msc 
049 |a TXAI 
050 0 0 |a Microfilm 05018 
099 |a film   |a  B   |a  3609 
100 1 |a Ashe, Simeon,  |d -1662. 
245 1 2 |a A continuation of true intelligence from the English and Scottish forces in the north :  |b for the service of King and Parliament and now beleaguring York ... /  |c by Sim. Ash and William Goode ... 
264 3 |a London :  |b Printed for Thomas Underhill ...,  |c 1644. 
300 |a 1 volume 
336 |a text  |b txt  |2 rdacontent 
337 |a microform  |b h  |2 rdamedia 
338 |a microfilm reel  |b hd  |2 rdacarrier 
362 0 |a No. 4 (June 8-17, 1644)-no. 5 (June 16-July 10, 1644). 
533 |a Microfilm.  |b Ann Arbor, Mich. :  |c University Microfilms,  |d 1967.  |e 2 microfilm reels ; 35 mm.  |f (Early English books, 1641-1700 ; 237:E.51, no. 19; 228:E.2, no. 1) 
500 |a Reproduction of original in Thomason Collection, British Library; UMI reels listed in chronological order of serial publication; scattered holdings listed. 
500 |a Microform. 
651 0 |a Great Britain  |x History  |y Civil War, 1642-1649  |x Periodicals. 
700 1 |a Goode, William,  |d 1599 or 1600- 
780 0 0 |a Ashe, Simeon, d. 1662.  |t Particular relation of the most remarkable occurences from the united forces in the north  |w (OCoLC)12538240  |w (DLC)sf 87090220 
785 0 0 |a Ashe, Simeon, d. 1662.  |t Continuation of true intelligence from the armies in the north  |w (OCoLC)12540293  |w (DLC)sf 87090221 
830 0 |a Early English books, 1641-1700 ;  |v 237:E.51, no. 19, etc. 
999 |a MARS 
999 f f |s bbe0396b-2998-395d-b688-214777149034  |i 1c5f244a-a3eb-3aca-90a8-080a06055f20  |t 0 
952 f f |p default  |a Texas A&M University  |b College Station  |c Sterling C. Evans Library  |d Evans: Microforms (3rd floor)  |t 0  |e film B 3609  |h Other scheme  |i microform -- microfilm reel 
998 f f |a film B 3609  |t 0  |l Evans: Microforms (3rd floor)